000 00815nas a2200253 4500
001 BR7601740
003 BR-BrBNA
005 20231205082939.0
007 ta
008 230509b bl.|||p| |||| 00| 00por d
040 _aBR-BrBNA
_bpor
_cBiblioteca Nacional de Agricultura
041 _a(Pt)
072 _aF25
100 1 _aGoepfert, C.F. (Instituto de Pesquisas Agronomicas, Porto Alegre, RS (Brazil))
245 1 _aA eficiencia de diversos fertilizantes fosfatados na cultura da soja [Glycine max]
650 _aFertilidade do solo
650 _aSoja
650 _aFertilizante fosfatado
650 _aAdubacao
650 _aRendimento
773 0 _tIPAGRO Informa (Brazil)
_xISSN 0100-3410
_g(May 1976), (no. 13) p. 35-50
_wBR7601740
909 _a202311
_bLúcia
_c55
_dLúcia Elande
942 _2AGRIS
_n0
_cANA
999 _c95296
_d95296